000 00822nam a2200229Ia 4500
001 13957
003 GE_BSU
008 181216s||||||||xx |||||||||||||| ||und||
040 _cGE_BSU
080 _a66.01/07(075.8)
100 _aПлановский,А.Н. Никаев,П.И.
245 _aПроцессы и аппараты химической и нефтехимической технологий.
245 _bУчебник.
245 _cР.Е.Миневич.
250 _aИзд. 2-е, перераб. и доп.
260 _aМ.
260 _bХимия.
260 _c1972.
300 _a496 стр. с илл. 22см. Библиогр.: стр.481-484.
653 _aПроцессы и аппараты химической и нефтехимической технологий.
942 _cBK
999 _c47100
_d47100